[Event "Hammamet Carthage op 1st"]
[Site "Hammamet"]
[Date "2015.10.05"]
[Round "2"]
[White "Mejri, Moncef"]
[Black "Atef, Abdel Aziz"]
[Result "0-1"]
[WhiteElo "1405"]
[BlackElo "1820"]
[PlyCount "78"]
[EventDate "2015.10.04"]
[EventType "swiss"]
[EventRounds "9"]
[EventCountry "TUN"]
[SourceTitle "CBM 168 Extra"]
[Source "ChessBase"]
[SourceDate "2015.10.29"]
[SourceVersion "1"]
[SourceVersionDate "2015.10.29"]
[SourceQuality "1"]

1. d4 Nf6 2. Nf3 e6 3. e3 d6 4. Bd3 Be7 5. 0-0 Nbd7 6. Nbd2 0-0 7. Re1 b6 8. e4 e5 9. c3 Bb7 10. Nc4 exd4 11. cxd4 d5 12. e5 dxc4 13. exf6 Nxf6 14. Bxc4 c5 15. d5 Bxd5 16. Bxd5 Qxd5 17. Qxd5 Nxd5 18. Re5 Rad8 19. Bd2 Bf6 20. Bg5 Bxe5 21. Bxd8 Bxb2 22. Rb1 Rxd8 23. Rxb2 Nc3 24. h3 f6 25. Rc2 Ne4 26. Kf1 b5 27. Ke2 c4 28. Ke3 Nc5 29. Nd4 a6 30. Nc6 Rd3+ 31. Ke2 Kf7 32. Nb4 a5 33. Nc6 Rd6 34. Nxa5 Ra6 35. Nxc4 bxc4 36. Ke3 Nd7 37. g3 f5 38. Rxc4 Rxa2 39. Kf3 g5 0-1